Time discounting, education and growth: evidence and a simple model

Salvato in:
Dettagli Bibliografici
Autore principale: Bauer, Michal
Altri autori: Chytilová, Julie
Natura: Capitolo di libro
Lingua:inglese
Soggetti:
Tags: Aggiungi Tag
Nessun Tag, puoi essere il primo ad aggiungerne!!

MARC

LEADER 00000naa$a2200000$$$4500
001 0094384
005 20231010115216.3
041 0 |a eng 
044 |a CZ 
245 1 0 |a Time discounting, education and growth: evidence and a simple model  |c Michal Bauer, Julie Chytilová 
610 2 0 |a vzdelanie 
610 2 0 |a rast hospodársky 
610 2 0 |a Uganda 
610 2 0 |a India 
610 2 0 |a kapitál ľudský 
610 2 0 |a modely 
610 2 0 |a chudoba 
100 1 |a Bauer, Michal 
700 1 |a Chytilová, Julie